000 01032cam a2200289 i 4500
001 30304
003 Mx-PuUPA
005 20231016095503.0
008 140415s1971 mx gr 000 0 spa d
040 _cMx-PuUPA
_aMx-PuUPA
_bspa
_dMx-PuUPA
_erda
041 0 _aspa
110 2 _aJerónimas de Puebla
245 1 0 _aMilagros de la Santísima Virgen de Guadalupe :
_bnarración y testimonios /
_cJerónimas de Puebla
246 1 4 _aMilagros de la Virgen de Guadalupe.
264 1 _aPuebla :
_bConvento de San Jerónimo,
_c1971
300 _a53 páginas ;
_c16 cm
336 _2rdacontent
_atexto
_btxt
337 _2rdamedia
_asin medio
_bn
338 _2rdacarrier
_avolumen
_bnc
500 _a"He elegido y Santificado esta casa". -- Cubierta
600 0 4 _aVirgen María
_xApariciones y milagros
600 0 4 _aNuestra Señora de Guadalupe
_xApariciones y milagros
600 0 4 _aNuestra Señora de Guadalupe
_vLeyendas
942 _2ddc
_cLI
_h232.917
_iM637
999 _c30304
_d30304